Epistemología general o crítica del conocimiento
Guardat en:
| Autor principal: | |
|---|---|
| Format: | Llibre |
| Idioma: | espanyol |
| Publicat: |
Barcelona
Herder
1977
|
| Edició: | 4a. ed |
| Col·lecció: | Curso de filosofía tomista, 2
|
| Matèries: | |
| Etiquetes: |
Afegir etiqueta
Sense etiquetes, Sigues el primer a etiquetar aquest registre!
|
MARC
| LEADER | 00000cam a2200000 a 4500 | ||
|---|---|---|---|
| 001 | UCZ1944 | ||
| 003 | CL-VaPUC | ||
| 008 | 950915e19770000SP |||||||||||||||||spa|d | ||
| 020 | |a 8425401259 | ||
| 082 | 0 | 4 | |a 121 |b VER |2 21 |
| 100 | 0 | |a Verneaux, Roger |e author |9 345652 | |
| 245 | 1 | 0 | |a Epistemología general o crítica del conocimiento |
| 250 | |a 4a. ed | ||
| 300 | |a 249 p | ||
| 942 | |c BK | ||
| 945 | |d 19950915 00:00:00 |a lriquelm | ||
| 260 | |a Barcelona |b Herder |c 1977 | ||
| 650 | 0 | |a Epistemología |9 264994 | |
| 650 | 7 | |a CONOCIMIENTO |2 CL-VaPUC |9 308991 | |
| 650 | 0 | |a Filosofía |9 223554 | |
| 650 | 0 | |a Razonamiento |9 256520 | |
| 650 | 0 | |a Verdad |9 313815 | |
| 650 | 7 | |a ERRORES |2 CL-VaPUC |9 336994 | |
| 650 | 0 | |a Empirismo |9 255037 | |
| 650 | 0 | |a Racionalismo |9 259116 | |
| 650 | 0 | |a Idealismo |9 265685 | |
| 650 | 0 | |a Realismo |9 259117 | |
| 583 | |a last modification |c 20150713 12:05:34 |k Rodrigo Vera | ||
| 490 | 0 | |a Curso de filosofía tomista, 2 | |
| 999 | |c 238613 |d 238611 | ||
| 952 | |0 0 |1 0 |4 0 |6 121_000000000000000_VER_1977 |7 0 |8 P |9 248920 |a BIBEDU |b BIBEDU |c BIBEDU_PB |d 2019-11-18 |i 1563491 |o 121 VER 1977 |p 1563491 |r 2019-11-18 |w 2019-11-18 |y BK |k FIL | ||
| 952 | |0 0 |1 0 |3 erb |4 0 |6 121_000000000000000_VER_1977 |7 0 |8 P |9 248921 |a BIBEDU |b BIBEDU |c BIBEDU_PB |e Villagrán Garnham, Jorge |i 5186781 |o 121 VER 1977 |p 5186781 |r 2024-01-25 |w 2019-11-18 |y BK |z Catalogado en:20150728 |k FIL | ||